000 00543nam a2200193Ia 4500
005 20250326124146.0
008 250326s9999 xx 000 0 und d
037 _aTextbook
040 _aFMSL
_beng
_cFMSL
041 _aeng
_2eng
084 _aX:51 L3;1
_qFMSL
100 _aHoward J A
_9736828
245 0 _aMarketing management: operating, strategic, and administrative
_cHoward J A
250 _a3
260 _aUSA
_bUSA, Richard D Irwin
_c1973
300 _a560p
942 _cTB
_hX:51 L3;1
999 _c1272532
_d1272532